| 000 | 00984cam a2200265 i 4500 | ||
|---|---|---|---|
| 001 | 14365 | ||
| 003 | BD-RjUL | ||
| 005 | 20211208235620.0 | ||
| 008 | 140205s1977 enka b 101 0 eng | ||
| 020 | _a0126652503 | ||
| 035 | _a(BD-RjUL)14417 | ||
| 040 |
_aDLC _cDLC _dDLC _dBD-RjUL _beng |
||
| 041 | _aeng | ||
| 082 | 0 | 0 |
_a639.30151 _bFIS 1977 |
| 245 | 0 | 0 |
_aFisheries mathematics : _bthe proceedings of a conference / _corganized by the Institute of Mathematics and Its Applications, held 24-26 November, 1975, at the Marine Laboratory, Aberdeen ; edited by J. H. Steele. |
| 260 |
_aLondon : _aNew York : _bAcademic Press, _cc1977. |
||
| 300 |
_axv, 198 p. : _bill. ; _c24 cm. |
||
| 504 | _aIncludes bibliographies and index. | ||
| 650 | 0 |
_aFisheries _xMathematics _vCongresses. _944829 |
|
| 700 | 1 |
_aSteele, John H., _d1926-2013. _944830 |
|
| 710 | 2 |
_aInstitute of Mathematics and Its Applications. _920266 |
|
| 942 |
_2ddc _cBK |
||
| 999 |
_c14365 _d14365 |
||